000 00552nam a2200193Ia 4500
003 GCL
008 140319s9999 xx 000 0 ara d
040 _aGCL /
_cGCL
082 0 4 _a810.9
_bط ج
100 1 _aطه حسين
245 1 0 _aجنة الحيوان /
_cطه حسين
260 _aالقاهرة :
_bشركة التوزيع المصرية
300 _a146 ص ؛
_c19 سم
490 _aكتب للجميع
_v0
650 0 4 _aالادب العربى
650 0 4 _aالقصص العربية
650 0 4 _aطه حسين
942 _2ddc
_cBK
999 _c40695
_d40695